Le francais intenational(Cahier d'exercises 1)

সংরক্ষণ করুন:
গ্রন্থ-পঞ্জীর বিবরন
প্রধান লেখক: Calvé, Pierre
বিন্যাস: গ্রন্থ
ভাষা:Undetermined
প্রকাশিত: Montreal, Canadá Educatifet Culturel 1973
বিষয়গুলি:
ট্যাগগুলো: ট্যাগ যুক্ত করুন
কোনো ট্যাগ নেই, প্রথমজন হিসাবে ট্যাগ করুন!

MARC

LEADER 00000nam a2200000Ia 4500
008 170316s9999 xx 000 0 und d
090 |a 415-F C-1f v.1 
100 |a Calvé, Pierre 
245 |a Le francais intenational(Cahier d'exercises 1) 
260 |a Montreal, Canadá 
260 |b Educatifet Culturel 
260 |c 1973 
300 |a 64 páginas 
650 |a GRAMÁTICA FRANCESA 
999 |c 19142  |d 19142 
040 |a cru BVZT 
942 |c 15 D  |h 415-F C-1f v.1  |2 z